|
|
|
|
| LEADER |
00000nam a2200000 a 4500 |
| 001 |
vtls010655604 |
| 003 |
SK-MaSNL |
| 005 |
20260301134134.0 |
| 008 |
160430s2014 xxu f 000 0 eng |
| 020 |
|
|
|a 9781446210949 (viaz.)
|
| 040 |
|
|
|a SNK
|b slo
|c SNK
|e AACR2
|
| 041 |
0 |
|
|a eng
|
| 044 |
|
|
|a xxu
|c US
|
| 072 |
|
7 |
|a 316
|x Sociológia
|2 konspekt
|
| 072 |
|
7 |
|a 930
|x Historická veda. Pomocné vedy historické. Archívnictvo
|2 konspekt
|
| 080 |
|
|
|a 930.253
|2 2001
|
| 080 |
|
|
|a 316:303
|2 2001
|
| 080 |
|
|
|a (048.8:082)
|2 2001
|
| 245 |
0 |
0 |
|a Documentary and archival research
|n Volume IV
|p Archival research
|c edited by Jason Hughes and John Goodwin
|
| 246 |
3 |
0 |
|a Archival research
|
| 250 |
|
|
|a 1st publ.
|
| 260 |
|
|
|a Los Angeles
|b Sage
|c 2014
|
| 300 |
|
|
|a 371 s.
|c 24 cm
|
| 650 |
0 |
7 |
|a archívy
|2 SNKPH
|9 26146
|
| 650 |
0 |
7 |
|a archívne dokumenty
|2 SNKPH
|9 78548
|
| 650 |
0 |
7 |
|a sociologický výskum
|2 SNKPH
|9 1011
|
| 650 |
0 |
7 |
|a Archives
|2 SNKPHeng
|9 265292
|
| 650 |
0 |
7 |
|a Archival
|2 SNKPHeng
|9 487647
|
| 650 |
0 |
7 |
|a Sociological research
|2 SNKPHeng
|9 306018
|
| 655 |
|
7 |
|a kolektívne monografie
|2 SNKPH
|9 249850
|
| 655 |
|
7 |
|a Collective monographs
|2 SNKPHeng
|9 125747
|
| 700 |
1 |
|
|a Hughes, Jason
|4 com
|9 487645
|
| 700 |
1 |
|
|a Goodwin, John
|4 com
|9 487646
|
| 919 |
|
|
|a 978-1-4462-1094-9
|
| 999 |
|
|
|c 755849
|d 757779
|
| 952 |
|
|
|a SNK
|b SNK
|y VYP
|7 0
|p 17A1138824
|o snkIC 141708/4
|i snk2015/6006
|8 3
|g 163.00
|0 0
|1 0
|4 0
|d 2015-02-18
|l 0
|r 2026-02-23 23:47:58
|w 2026-02-23
|